000 00255nam a22001097a 4500
041 _aENG
245 _aIndia Journey Of A Nation
260 _aIndia
_bIndia Journey Of a Nation
_c2008
300 _a141
650 _aDictionary
856 _uDictionary ( 28 )
999 _c2289
_d2289